Studying of some parameters of solid - state laser / (رقم التسجيلة. 49305)

تفاصيل مارك
000 -LEADER
fixed length control field 02024cam a2200349 a 4500
003 - CONTROL NUMBER IDENTIFIER
control field EG-GiCUC
005 - DATE AND TIME OF LATEST TRANSACTION
control field 20250223031138.0
008 - FIXED-LENGTH DATA ELEMENTS--GENERAL INFORMATION
fixed length control field 150211s2014 ua dh f m 000 0 eng d
040 ## - CATALOGING SOURCE
Original cataloging agency EG-GiCUC
Language of cataloging eng
Transcribing agency EG-GiCUC
041 0# - LANGUAGE CODE
Language code of text/sound track or separate title eng
049 ## - LOCAL HOLDINGS (OCLC)
Holding library Deposite
097 ## - Thesis Degree
Thesis Level Ph.D
099 ## - LOCAL FREE-TEXT CALL NUMBER (OCLC)
Classification number Cai01.24.12.Ph.D.2014.Ha.S
100 0# - MAIN ENTRY--PERSONAL NAME
Personal name Hamed Mahmoud Hamed Ibrahim
245 10 - TITLE STATEMENT
Title Studying of some parameters of solid - state laser /
Statement of responsibility, etc. Hamed Mahmoud Hamed Ibrahim ; Supervised Hatem M. Elghandour , Mohamed Atta khedr , Jala Elazab
246 15 - VARYING FORM OF TITLE
Title proper/short title دراسه لبعض المعاملات لليزر المواد الصلبه
260 ## - PUBLICATION, DISTRIBUTION, ETC.
Place of publication, distribution, etc. Cairo :
Name of publisher, distributor, etc. Hamed Mahmoud Hamed Ibrahim ,
Date of publication, distribution, etc. 2014
300 ## - PHYSICAL DESCRIPTION
Extent 129 P. :
Other physical details charts , facsimiles ;
Dimensions 25cm
502 ## - DISSERTATION NOTE
Dissertation note Thesis (Ph.D.) - Cairo University - National Institute of Laser Enhanced Sciences - Department of Laser Sciences and Interactions
520 ## - SUMMARY, ETC.
Summary, etc. This work studied the performance of passively Q- switched solid-state laser pumped by different techniques and their effect on the pulse repetition rate of laser system. The simplified rate equation model provides a simple and fast tool for laser designer to develop calculations of pulse energy, peak power and width. A modified rate equations model had been numerically investigated. In order to control and time stabilize the pulse repetition rate, the pulsed pumping was studied. To increase the stability of laser system, an automated pulsed pumping technique had been proposed. Finally, the temperature distribution in the active medium had been studied for continuous and automated pulsed pumping technique
530 ## - ADDITIONAL PHYSICAL FORM AVAILABLE NOTE
Additional physical form available note Issued also as CD
653 #4 - INDEX TERM--UNCONTROLLED
Uncontrolled term Passively Q- switched
653 #4 - INDEX TERM--UNCONTROLLED
Uncontrolled term Q- switched
653 #4 - INDEX TERM--UNCONTROLLED
Uncontrolled term Solid - state laser
700 0# - ADDED ENTRY--PERSONAL NAME
Personal name Hatem Mahmoud Elghandour ,
Relator term
700 0# - ADDED ENTRY--PERSONAL NAME
Personal name Jala Elazab ,
Relator term
700 0# - ADDED ENTRY--PERSONAL NAME
Personal name Mohamed Atta khedr ,
Relator term
856 ## - ELECTRONIC LOCATION AND ACCESS
Uniform Resource Identifier <a href="http://172.23.153.220/th.pdf">http://172.23.153.220/th.pdf</a>
905 ## - LOCAL DATA ELEMENT E, LDE (RLIN)
Cataloger Nazla
Reviser Revisor
905 ## - LOCAL DATA ELEMENT E, LDE (RLIN)
Cataloger Samia
Reviser Cataloger
942 ## - ADDED ENTRY ELEMENTS (KOHA)
Source of classification or shelving scheme Dewey Decimal Classification
Koha item type Thesis
المقتنيات
Source of classification or shelving scheme Not for loan Home library Current library Date acquired Full call number Barcode Date last seen Koha item type Copy number
Dewey Decimal Classification   المكتبة المركزبة الجديدة - جامعة القاهرة قاعة الرسائل الجامعية - الدور الاول 11.02.2024 Cai01.24.12.Ph.D.2014.Ha.S 01010110064516000 22.09.2023 Thesis  
Dewey Decimal Classification   المكتبة المركزبة الجديدة - جامعة القاهرة مخـــزن الرســائل الجـــامعية - البدروم 11.02.2024 Cai01.24.12.Ph.D.2014.Ha.S 01020110064516000 22.09.2023 CD - Rom 64516.CD
Cairo University Libraries Portal Implemented & Customized by: Eng. M. Mohamady Contacts: new-lib@cl.cu.edu.eg | cnul@cl.cu.edu.eg
CUCL logo CNUL logo
© All rights reserved — Cairo University Libraries
CUCL logo
Implemented & Customized by: Eng. M. Mohamady Contact: new-lib@cl.cu.edu.eg © All rights reserved — New Central Library
CNUL logo
Implemented & Customized by: Eng. M. Mohamady Contact: cnul@cl.cu.edu.eg © All rights reserved — Cairo National University Library